Process of Management (Record no. 1120)

000 -LEADER
fixed length control field 00390nam a2200145 4500
008 - FIXED-LENGTH DATA ELEMENTS--GENERAL INFORMATION
fixed length control field 200109b ||||| |||| 00| 0 eng d
082 00 - DEWEY DECIMAL CLASSIFICATION NUMBER
Classification number 658
Item number N551
100 ## - MAIN ENTRY--PERSONAL NAME
9 (RLIN) 695
Personal name Newman, William H.
245 10 - TITLE STATEMENT
Title Process of Management
250 ## - EDITION STATEMENT
Edition statement 3rd ed.
260 ## - PUBLICATION, DISTRIBUTION, ETC. (IMPRINT)
Place of publication, distribution, etc Delhi
Name of publisher, distributor, etc Prentice Hall
Date of publication, distribution, etc 1973
300 ## - PHYSICAL DESCRIPTION
Extent xviii, 748 p.
650 #0 - SUBJECT ADDED ENTRY--TOPICAL TERM
Topical term or geographic name as entry element Industrial Management
942 ## - ADDED ENTRY ELEMENTS (KOHA)
Source of classification or shelving scheme
Item type Books
Holdings
Withdrawn status Lost status Source of classification or shelving scheme Damaged status Not for loan Permanent location Current location Date acquired Full call number Barcode Date last seen Koha item type
          IMU Kolkata IMU Kolkata 1974-03-13 658 N551 04065 2020-01-09 Books
          IMU Kolkata IMU Kolkata 1974-07-31 658 N551 04129 2020-01-13 Books
Designed and Maintained by IMU-KC Library, Kolkata Campus © Copyright All Rights Reserved

webs counters

Powered by Koha